The ceramic surface / (Record no. 608036)

000 -LEADER
fixed length control field 01147cam a22003014a 4500
001 - CONTROL NUMBER
control field 12718324
003 - CONTROL NUMBER IDENTIFIER
control field OSt
005 - DATE AND TIME OF LATEST TRANSACTION
control field 20240222153722.0
008 - FIXED-LENGTH DATA ELEMENTS--GENERAL INFORMATION
fixed length control field 020325s2002 enka b 001 0 eng
010 ## - LIBRARY OF CONGRESS CONTROL NUMBER
LC control number 2002024387
020 ## - INTERNATIONAL STANDARD BOOK NUMBER
International Standard Book Number 0812237013 (alk. paper)
020 ## - INTERNATIONAL STANDARD BOOK NUMBER
International Standard Book Number 9780812237016
040 ## - CATALOGING SOURCE
Original cataloging agency DLC
Transcribing agency DLC
Modifying agency DLC
042 ## - AUTHENTICATION CODE
Authentication code pcc
050 00 - LIBRARY OF CONGRESS CALL NUMBER
Classification number TT920
Item number .O84 2002
082 00 - DEWEY DECIMAL CLASSIFICATION NUMBER
Classification number 738
Edition number 21
Author Mark OST
100 1# - MAIN ENTRY--PERSONAL NAME
Personal name Ostermann, Matthias.
9 (RLIN) 121131
245 14 - TITLE STATEMENT
Title The ceramic surface /
Statement of responsibility, etc. Matthias Ostermann.
260 ## - PUBLICATION, DISTRIBUTION, ETC.
Place of publication, distribution, etc. London :
Name of publisher, distributor, etc. A & C Black ;
Place of publication, distribution, etc. Philadelphia :
Name of publisher, distributor, etc. University of Pennsylvania Press,
Date of publication, distribution, etc. 2002.
300 ## - PHYSICAL DESCRIPTION
Extent vii, 200 p. :
Other physical details col. ill. ;
Dimensions 29 cm.
504 ## - BIBLIOGRAPHY, ETC. NOTE
Bibliography, etc. note Includes bibliographical references (p. 198) and index.
650 #0 - SUBJECT ADDED ENTRY--TOPICAL TERM
Topical term or geographic name entry element Pottery craft.
9 (RLIN) 121132
856 41 - ELECTRONIC LOCATION AND ACCESS
Materials specified Table of contents
Uniform Resource Identifier <a href="http://www.loc.gov/catdir/toc/fy035/2002024387.html">http://www.loc.gov/catdir/toc/fy035/2002024387.html</a>
906 ## - LOCAL DATA ELEMENT F, LDF (RLIN)
a 7
b cbc
c orignew
d 1
e ocip
f 20
g y-gencatlg
942 ## - ADDED ENTRY ELEMENTS (KOHA)
Source of classification or shelving scheme
Koha item type Reference
Holdings
Withdrawn status Lost status Source of classification or shelving scheme Damaged status Not for loan Permanent Location Current Location Date acquired Source of acquisition Full call number Barcode Date last seen Cost, replacement price Price effective from Koha item type
          School of Art Design and Architecture (SADA) School of Art Design and Architecture (SADA) 03/13/2017 Donation 738 OST 2002 SADAD0000157 02/22/2024 2606.37 02/22/2024 Book
© 2023 Central Library, National University of Sciences and Technology. All Rights Reserved.